<?xml version="1.0" encoding="UTF-8"?>
<record
    xmlns:xsi="http://www.w3.org/2001/XMLSchema-instance"
    xsi:schemaLocation="http://www.loc.gov/MARC21/slim http://www.loc.gov/standards/marcxml/schema/MARC21slim.xsd"
    xmlns="http://www.loc.gov/MARC21/slim">

  <leader>04516namaa22004211i 4500</leader>
  <controlfield tag="003">OSt</controlfield>
  <controlfield tag="005">20260418144632.0</controlfield>
  <controlfield tag="008">250827s2025    ua a|||frm||| 000 0 eng d</controlfield>
  <datafield tag="040" ind1=" " ind2=" ">
    <subfield code="a">EG-GICUC</subfield>
    <subfield code="b">ara</subfield>
    <subfield code="c">EG-GICUC</subfield>
    <subfield code="d">EG-GICUC</subfield>
    <subfield code="e">rda</subfield>
  </datafield>
  <datafield tag="041" ind1="0" ind2=" ">
    <subfield code="a">ara</subfield>
    <subfield code="b">ara</subfield>
    <subfield code="b">eng</subfield>
  </datafield>
  <datafield tag="049" ind1=" " ind2=" ">
    <subfield code="a">&#x625;&#x64A;&#x62F;&#x627;&#x639;</subfield>
  </datafield>
  <datafield tag="082" ind1="0" ind2="4">
    <subfield code="a">170</subfield>
  </datafield>
  <datafield tag="092" ind1=" " ind2=" ">
    <subfield code="a">170</subfield>
    <subfield code="2">21</subfield>
  </datafield>
  <datafield tag="097" ind1=" " ind2=" ">
    <subfield code="a">&#x645;&#x640;&#x640;&#x640;&#x640;&#x627;&#x62C;&#x633;&#x62A;&#x64A;&#x631;</subfield>
  </datafield>
  <datafield tag="099" ind1=" " ind2=" ">
    <subfield code="a">Cai01.02.05.M.A.2025.&#x646;&#x648;.&#x645;</subfield>
  </datafield>
  <datafield tag="100" ind1="0" ind2=" ">
    <subfield code="a">&#x60C;&#x646;&#x648;&#x631;&#x627;&#x646; &#x62E;&#x627;&#x644;&#x62F; &#x639;&#x628;&#x62F; &#x627;&#x644;&#x645;&#x646;&#x639;&#x645; &#x645;&#x62D;&#x645;&#x62F;</subfield>
    <subfield code="e">&#x625;&#x639;&#x62F;&#x627;&#x62F;.</subfield>
  </datafield>
  <datafield tag="245" ind1="1" ind2="0">
    <subfield code="a">&#x645;&#x646; &#x627;&#x644;&#x623;&#x62E;&#x644;&#x627;&#x642; &#x627;&#x644;&#x635;&#x648;&#x631;&#x64A;&#x629; &#x625;&#x644;&#x64A; &#x627;&#x644;&#x623;&#x62E;&#x644;&#x627;&#x642; &#x627;&#x644;&#x625;&#x62C;&#x62A;&#x645;&#x627;&#x639;&#x64A;&#x629; :</subfield>
    <subfield code="b">&#x62F;&#x631;&#x627;&#x633;&#x629; &#x641;&#x64A; &#x645;&#x628;&#x627;&#x62F;&#x626; &#x641;&#x644;&#x633;&#x641;&#x629; &#x627;&#x644;&#x62D;&#x642; &#x639;&#x646;&#x62F; &#x647;&#x64A;&#x62C;&#x644; /</subfield>
    <subfield code="c">&#x625;&#x639;&#x62F;&#x627;&#x62F; &#x646;&#x648;&#x631;&#x627;&#x646; &#x62E;&#x627;&#x644;&#x62F; &#x639;&#x628;&#x62F; &#x627;&#x644;&#x645;&#x646;&#x639;&#x645; &#x645;&#x62D;&#x645;&#x62F;&#x61B; &#x625;&#x634;&#x631;&#x627;&#x641; &#x623;.&#x62F;. &#x623;&#x62D;&#x645;&#x62F; &#x639;&#x628;&#x62F; &#x627;&#x644;&#x62D;&#x644;&#x64A;&#x645; &#x639;&#x637;&#x64A;&#x629;.</subfield>
  </datafield>
  <datafield tag="246" ind1="1" ind2="5">
    <subfield code="a">From formal ethics to social ethics :</subfield>
    <subfield code="b">A study in the principles of hegel&#x2019;s philosophy of right /</subfield>
  </datafield>
  <datafield tag="264" ind1=" " ind2="0">
    <subfield code="c">2025.</subfield>
  </datafield>
  <datafield tag="300" ind1=" " ind2=" ">
    <subfield code="a">188 &#x635;&#x641;&#x62D;&#x629; :</subfield>
    <subfield code="b">&#x625;&#x64A;&#x636;&#x627;&#x62D;&#x64A;&#x627;&#x62A; &#x61B; </subfield>
    <subfield code="c">25 &#x633;&#x645;. + </subfield>
    <subfield code="e">CD.</subfield>
  </datafield>
  <datafield tag="336" ind1=" " ind2=" ">
    <subfield code="a">text</subfield>
    <subfield code="2">rda content</subfield>
  </datafield>
  <datafield tag="337" ind1=" " ind2=" ">
    <subfield code="a">Unmediated</subfield>
    <subfield code="2">rdamedia</subfield>
  </datafield>
  <datafield tag="338" ind1=" " ind2=" ">
    <subfield code="a">volume</subfield>
    <subfield code="2">rdacarrier</subfield>
  </datafield>
  <datafield tag="502" ind1=" " ind2=" ">
    <subfield code="a">&#x623;&#x637;&#x631;&#x648;&#x62D;&#x629; (&#x645;&#x627;&#x62C;&#x633;&#x62A;&#x64A;&#x631;)-&#x62C;&#x627;&#x645;&#x639;&#x629; &#x627;&#x644;&#x642;&#x627;&#x647;&#x631;&#x629;&#x60C; 2025. </subfield>
  </datafield>
  <datafield tag="504" ind1=" " ind2=" ">
    <subfield code="a">&#x628;&#x628;&#x644;&#x64A;&#x648;&#x62C;&#x631;&#x627;&#x641;&#x64A;&#x627;: &#x635;&#x641;&#x62D;&#x627;&#x62A; 177-183.</subfield>
  </datafield>
  <datafield tag="520" ind1=" " ind2=" ">
    <subfield code="a">&#x62A;&#x633;&#x639;&#x649; &#x647;&#x630;&#x647; &#x627;&#x644;&#x631;&#x633;&#x627;&#x644;&#x629; &#x625;&#x644;&#x649; &#x62F;&#x631;&#x627;&#x633;&#x629; &#x62A;&#x637;&#x648;&#x631; &#x627;&#x644;&#x646;&#x638;&#x631;&#x64A;&#x629; &#x627;&#x644;&#x623;&#x62E;&#x644;&#x627;&#x642;&#x64A;&#x629; &#x639;&#x646;&#x62F; &#x647;&#x64A;&#x62C;&#x644;&#x60C; &#x645;&#x646; &#x627;&#x644;&#x623;&#x62E;&#x644;&#x627;&#x642; &#x627;&#x644;&#x635;&#x648;&#x631;&#x64A;&#x629; &#x627;&#x644;&#x62A;&#x64A; &#x62A;&#x62A;&#x645;&#x62B;&#x644; &#x641;&#x64A; &#x627;&#x644;&#x62A;&#x635;&#x648;&#x631;&#x627;&#x62A; &#x627;&#x644;&#x641;&#x631;&#x62F;&#x64A;&#x629; &#x627;&#x644;&#x645;&#x62C;&#x631;&#x62F;&#x629;&#x60C; &#x625;&#x644;&#x649; &#x627;&#x644;&#x623;&#x62E;&#x644;&#x627;&#x642; &#x627;&#x644;&#x627;&#x62C;&#x62A;&#x645;&#x627;&#x639;&#x64A;&#x629; &#x627;&#x644;&#x62A;&#x64A; &#x62A;&#x62A;&#x62C;&#x644;&#x649; &#x641;&#x64A; &#x627;&#x644;&#x645;&#x624;&#x633;&#x633;&#x627;&#x62A; &#x627;&#x644;&#x642;&#x627;&#x646;&#x648;&#x646;&#x64A;&#x629; &#x648;&#x627;&#x644;&#x633;&#x64A;&#x627;&#x633;&#x64A;&#x629; &#x648;&#x627;&#x644;&#x627;&#x62C;&#x62A;&#x645;&#x627;&#x639;&#x64A;&#x629;. &#x62A;&#x646;&#x637;&#x644;&#x642; &#x627;&#x644;&#x62F;&#x631;&#x627;&#x633;&#x629; &#x645;&#x646; &#x62A;&#x62A;&#x628;&#x639; &#x62A;&#x623;&#x62B;&#x631; &#x647;&#x64A;&#x62C;&#x644; &#x628;&#x627;&#x644;&#x641;&#x643;&#x631; &#x627;&#x644;&#x623;&#x62E;&#x644;&#x627;&#x642;&#x64A; &#x627;&#x644;&#x64A;&#x648;&#x646;&#x627;&#x646;&#x64A;&#x60C; &#x62E;&#x627;&#x635;&#x629; &#x641;&#x64A; &#x645;&#x623;&#x633;&#x627;&#x629; &#x623;&#x646;&#x62A;&#x64A;&#x62C;&#x648;&#x646;&#x60C; &#x648;&#x62A;&#x646;&#x62A;&#x642;&#x644; &#x625;&#x644;&#x649; &#x62A;&#x62D;&#x644;&#x64A;&#x644;&#x647; &#x648;&#x646;&#x642;&#x62F;&#x647; &#x644;&#x644;&#x623;&#x62E;&#x644;&#x627;&#x642; &#x627;&#x644;&#x643;&#x627;&#x646;&#x637;&#x64A;&#x629; &#x627;&#x644;&#x62A;&#x64A; &#x64A;&#x631;&#x627;&#x647;&#x627; &#x634;&#x643;&#x644;&#x64A;&#x629; &#x648;&#x645;&#x646;&#x641;&#x635;&#x644;&#x629; &#x639;&#x646; &#x627;&#x644;&#x648;&#x627;&#x642;&#x639; &#x627;&#x644;&#x645;&#x644;&#x645;&#x648;&#x633;. &#x643;&#x645;&#x627; &#x62A;&#x628;&#x62D;&#x62B; &#x627;&#x644;&#x631;&#x633;&#x627;&#x644;&#x629; &#x641;&#x64A; &#x627;&#x644;&#x62A;&#x62D;&#x648;&#x644;&#x627;&#x62A; &#x627;&#x644;&#x62A;&#x64A; &#x637;&#x631;&#x623;&#x62A; &#x639;&#x644;&#x649; &#x62A;&#x635;&#x648;&#x631; &#x647;&#x64A;&#x62C;&#x644; &#x644;&#x644;&#x623;&#x62E;&#x644;&#x627;&#x642; &#x641;&#x64A; &#x643;&#x62A;&#x627;&#x628;&#x627;&#x62A;&#x647; &#x627;&#x644;&#x644;&#x627;&#x647;&#x648;&#x62A;&#x64A;&#x629; &#x627;&#x644;&#x645;&#x628;&#x643;&#x631;&#x629; &#x648;&#x641;&#x64A; &#x641;&#x64A;&#x646;&#x648;&#x645;&#x64A;&#x646;&#x648;&#x644;&#x648;&#x62C;&#x64A;&#x627; &#x627;&#x644;&#x631;&#x648;&#x62D;&#x60C; &#x62D;&#x64A;&#x62B; &#x62A;&#x64F;&#x641;&#x647;&#x645; &#x627;&#x644;&#x623;&#x62E;&#x644;&#x627;&#x642; &#x643;&#x639;&#x645;&#x644;&#x64A;&#x629; &#x62C;&#x62F;&#x644;&#x64A;&#x629; &#x644;&#x646;&#x645;&#x648; &#x627;&#x644;&#x648;&#x639;&#x64A; &#x627;&#x644;&#x630;&#x627;&#x62A;&#x64A; &#x646;&#x62D;&#x648; &#x627;&#x644;&#x62D;&#x631;&#x64A;&#x629;. &#x648;&#x62A;&#x62A;&#x648;&#x651;&#x62C; &#x627;&#x644;&#x62F;&#x631;&#x627;&#x633;&#x629; &#x641;&#x64A; &#x643;&#x62A;&#x627;&#x628; &#x645;&#x628;&#x627;&#x62F;&#x626; &#x641;&#x644;&#x633;&#x641;&#x629; &#x627;&#x644;&#x62D;&#x642; &#x627;&#x644;&#x630;&#x64A; &#x64A;&#x639;&#x631;&#x636; &#x641;&#x64A;&#x647; &#x647;&#x64A;&#x62C;&#x644; &#x631;&#x624;&#x64A;&#x62A;&#x647; &#x644;&#x644;&#x623;&#x62E;&#x644;&#x627;&#x642; &#x628;&#x627;&#x639;&#x62A;&#x628;&#x627;&#x631;&#x647;&#x627; &#x62C;&#x632;&#x621;&#x64B;&#x627; &#x645;&#x646; &#x627;&#x644;&#x628;&#x646;&#x64A;&#x629; &#x627;&#x644;&#x643;&#x644;&#x64A;&#x629; &#x644;&#x644;&#x62D;&#x642;&#x60C; &#x62D;&#x64A;&#x62B; &#x62A;&#x62A;&#x62D;&#x642;&#x642; &#x627;&#x644;&#x62D;&#x631;&#x64A;&#x629; &#x636;&#x645;&#x646; &#x645;&#x624;&#x633;&#x633;&#x627;&#x62A; &#x627;&#x644;&#x623;&#x633;&#x631;&#x629;&#x60C; &#x648;&#x627;&#x644;&#x645;&#x62C;&#x62A;&#x645;&#x639; &#x627;&#x644;&#x645;&#x62F;&#x646;&#x64A;&#x60C; &#x648;&#x627;&#x644;&#x62F;&#x648;&#x644;&#x629;. &#x648;&#x62A;&#x647;&#x62F;&#x641; &#x627;&#x644;&#x631;&#x633;&#x627;&#x644;&#x629; &#x625;&#x644;&#x649; &#x625;&#x638;&#x647;&#x627;&#x631; &#x643;&#x64A;&#x641; &#x62A;&#x62C;&#x627;&#x648;&#x632; &#x647;&#x64A;&#x62C;&#x644; &#x627;&#x644;&#x637;&#x627;&#x628;&#x639; &#x627;&#x644;&#x641;&#x631;&#x62F;&#x64A; &#x648;&#x627;&#x644;&#x630;&#x627;&#x62A;&#x64A; &#x644;&#x644;&#x623;&#x62E;&#x644;&#x627;&#x642; &#x646;&#x62D;&#x648; &#x62A;&#x623;&#x633;&#x64A;&#x633;&#x647;&#x627; &#x639;&#x644;&#x649; &#x627;&#x644;&#x639;&#x642;&#x644;&#x627;&#x646;&#x64A;&#x629; &#x648;&#x627;&#x644;&#x648;&#x627;&#x642;&#x639; &#x627;&#x644;&#x627;&#x62C;&#x62A;&#x645;&#x627;&#x639;&#x64A; &#x648;&#x627;&#x644;&#x633;&#x64A;&#x627;&#x633;&#x64A;</subfield>
  </datafield>
  <datafield tag="520" ind1=" " ind2=" ">
    <subfield code="a"> This thesis explores the development of Hegel&#x2019;s ethical theory, tracing the transition from formal, abstract morality to socially embodied ethics within legal, political, and institutional frameworks. The study begins by examining Hegel&#x2019;s engagement with Greek ethical thought, particularly the tragedy of Antigone, and moves to his critical analysis of Kantian morality, which he regards as overly formal and detached from concrete reality. It then investigates the evolution of Hegel&#x2019;s ethical thinking in his early theological writings and in the Phenomenology of Spirit, where ethics is viewed as a dialectical process of self-consciousness unfolding toward freedom. The study culminates in an analysis of The Philosophy of Right, where Hegel articulates ethics as a component of the rational structure of right, achieved through the institutions of family, civil society, and the state. The thesis demonstrates how Hegel overcomes the limitations of subjective morality by grounding ethics in rational, social, and political reality</subfield>
  </datafield>
  <datafield tag="530" ind1=" " ind2=" ">
    <subfield code="a">&#x635;&#x62F;&#x631; &#x623;&#x64A;&#x636;&#x64B;&#x627; &#x643;&#x642;&#x631;&#x635; &#x645;&#x62F;&#x645;&#x62C;.</subfield>
  </datafield>
  <datafield tag="546" ind1=" " ind2=" ">
    <subfield code="a">&#x627;&#x644;&#x646;&#x635; &#x628;&#x627;&#x644;&#x639;&#x631;&#x628;&#x64A;&#x629; &#x648;&#x627;&#x644;&#x645;&#x644;&#x62E;&#x635; &#x628;&#x627;&#x644;&#x644;&#x63A;&#x629; &#x627;&#x644;&#x625;&#x646;&#x62C;&#x644;&#x64A;&#x632;&#x64A;&#x629; &#x648;&#x627;&#x644;&#x639;&#x631;&#x628;&#x64A;&#x629;.</subfield>
  </datafield>
  <datafield tag="650" ind1=" " ind2="7">
    <subfield code="a">&#x639;&#x644;&#x645; &#x627;&#x644;&#x627;&#x62E;&#x644;&#x627;&#x642;</subfield>
    <subfield code="2">qrmak</subfield>
  </datafield>
  <datafield tag="650" ind1=" " ind2="7">
    <subfield code="a">&#x627;&#x644;&#x641;&#x644;&#x633;&#x641;&#x629; &#x627;&#x644;&#x63A;&#x631;&#x628;&#x64A;&#x629;</subfield>
  </datafield>
  <datafield tag="653" ind1=" " ind2="0">
    <subfield code="a">&#x627;&#x644;&#x623;&#x62E;&#x644;&#x627;&#x642; &#x627;&#x644;&#x635;&#x648;&#x631;&#x64A;&#x629;</subfield>
    <subfield code="a">&#x627;&#x644;&#x623;&#x62E;&#x644;&#x627;&#x642; &#x627;&#x644;&#x627;&#x62C;&#x62A;&#x645;&#x627;&#x639;&#x64A;&#x629;</subfield>
    <subfield code="a">&#x627;&#x644;&#x62D;&#x642; &#x627;&#x644;&#x645;&#x62C;&#x631;&#x62F;</subfield>
  </datafield>
  <datafield tag="700" ind1="0" ind2=" ">
    <subfield code="a">&#x623;&#x62D;&#x645;&#x62F; &#x639;&#x628;&#x62F; &#x627;&#x644;&#x62D;&#x644;&#x64A;&#x645; &#x639;&#x637;&#x64A;&#x629;</subfield>
    <subfield code="e">&#x645;&#x634;&#x631;&#x641; &#x623;&#x637;&#x631;&#x648;&#x62D;&#x629;.</subfield>
  </datafield>
  <datafield tag="900" ind1=" " ind2=" ">
    <subfield code="b">20-04-2025</subfield>
    <subfield code="c">&#x623;&#x62D;&#x645;&#x62F; &#x639;&#x628;&#x62F; &#x627;&#x644;&#x62D;&#x644;&#x64A;&#x645; &#x639;&#x637;&#x64A;&#x629;</subfield>
    <subfield code="U">&#x62C;&#x627;&#x645;&#x639;&#x629; &#x627;&#x644;&#x642;&#x627;&#x647;&#x631;&#x629; </subfield>
    <subfield code="F">&#x643;&#x644;&#x64A;&#x629; &#x627;&#x644;&#x622;&#x62F;&#x627;&#x628;</subfield>
    <subfield code="D">&#x642;&#x633;&#x645; &#x627;&#x644;&#x641;&#x644;&#x633;&#x641;&#x629;</subfield>
  </datafield>
  <datafield tag="905" ind1=" " ind2=" ">
    <subfield code="a">Sara</subfield>
    <subfield code="e">Afaf</subfield>
  </datafield>
  <datafield tag="942" ind1=" " ind2=" ">
    <subfield code="2">ddc</subfield>
    <subfield code="c">TH</subfield>
    <subfield code="e">21</subfield>
    <subfield code="n">0</subfield>
  </datafield>
  <datafield tag="999" ind1=" " ind2=" ">
    <subfield code="c">179471</subfield>
  </datafield>
  <datafield tag="952" ind1=" " ind2=" ">
    <subfield code="2">ddc</subfield>
    <subfield code="9">316577</subfield>
    <subfield code="a">CUCL</subfield>
    <subfield code="b">cl210</subfield>
    <subfield code="d">2026-04-14</subfield>
    <subfield code="i">33098</subfield>
    <subfield code="o">Cai01.02.05.M.A.2025.&#x646;&#x648;.&#x645;</subfield>
    <subfield code="p">01010100033098000</subfield>
    <subfield code="r">2026-04-14 11:44:00</subfield>
    <subfield code="w">2026-04-14</subfield>
    <subfield code="y">TH</subfield>
  </datafield>
</record>
